The quantum theory of radiation / (Record no. 21623)
[ view plain ]
| 000 -LEADER | |
|---|---|
| fixed length control field | 00853cam a2200265 a 4500 |
| 001 - CONTROL NUMBER | |
| control field | 21623 |
| 003 - CONTROL NUMBER IDENTIFIER | |
| rucl marc code | BD-RjUL |
| 005 - DATE AND TIME OF LATEST TRANSACTION | |
| control field | 20211209000717.0 |
| 008 - FIXED-LENGTH DATA ELEMENTS--GENERAL INFORMATION | |
| fixed length control field | 140305s1957 enka 001 0 eng d |
| 035 ## - SYSTEM CONTROL NUMBER | |
| System control number | (Bd-RjUL)21688 |
| 040 ## - CATALOGING SOURCE | |
| Original cataloging agency | BD-RjUL |
| Language of cataloging | eng |
| Transcribing agency | BD-RjUL |
| Modifying agency | BD-RjUL |
| 041 ## - LANGUAGE CODE | |
| Language code of text/sound track or separate title | eng |
| 082 00 - DEWEY DECIMAL CLASSIFICATION NUMBER | |
| Edition number | 23 |
| Classification number | 530.12 |
| Author mark and year | HEQ 1957 |
| 100 1# - MAIN ENTRY--PERSONAL NAME | |
| Personal name | Heitler, Walter, |
| Dates associated with a name | 1904-1981. |
| 9 (RLIN) | 66771 |
| 245 14 - TITLE STATEMENT | |
| Title | The quantum theory of radiation / |
| Statement of responsibility, etc. | by W. Heitler |
| 250 ## - EDITION STATEMENT | |
| Edition statement | 3rd ed. |
| 260 ## - PUBLICATION, DISTRIBUTION, ETC. (IMPRINT) | |
| Place of publication, distribution, etc. | Oxford : |
| Name of publisher, distributor, etc. | Clarendon Press, |
| Date of publication, distribution, etc. | 1954 [Reprinted 1957, 1966] |
| 300 ## - PHYSICAL DESCRIPTION | |
| Pagination | xiii, 430 p. : |
| Illustrations | ill. ; |
| Size | 24 cm. |
| 490 1# - SERIES STATEMENT | |
| Series statement | The international series of monographs on physics |
| 504 ## - BIBLIOGRAPHY, ETC. NOTE | |
| Bibliography, etc | Include index |
| 650 #0 - SUBJECT ADDED ENTRY--TOPICAL TERM | |
| Topical term or geographic name as entry element | Quantum theory. |
| 9 (RLIN) | 66772 |
| Topical term or geographic name as entry element | Radiation. |
| 9 (RLIN) | 66773 |
| 830 #0 - SERIES ADDED ENTRY--UNIFORM TITLE | |
| Uniform title | International series of monographs on physics (Oxford, England) |
| 942 ## - ADDED ENTRY ELEMENTS (KOHA) | |
| Source of classification or shelving scheme | Dewey Decimal Classification |
| Koha item type | Books |
| Lost status | Source of classification or shelving scheme | Damaged status | Not for loan | Collection code | Permanent Location | Current Location | Shelving location | Date acquired | Source of acquisition | Total Checkouts | Full call number | Date last seen | Copy number | Koha item type | Cost, normal purchase price |
|---|---|---|---|---|---|---|---|---|---|---|---|---|---|---|---|
| Dewey Decimal Classification | Non-fiction | Central Library, University of Rajshahi | Central Library, University of Rajshahi | 28/11/1958 | Colombo Plam | 530.12 HEQ 1957 | 05/03/2014 | C-3 | Books | ||||||
| Dewey Decimal Classification | Not For Loan | Non-fiction | Central Library, University of Rajshahi | Central Library, University of Rajshahi | Reading Room | 27/04/1968 | Zeitlinger | 530.12 HEQ 1966 | 07/05/2017 | C-1 | Books | 55.00 | |||
| Dewey Decimal Classification | Non-fiction | Central Library, University of Rajshahi | Central Library, University of Rajshahi | 27/04/1968 | Zeitlinger | 530.12 HEQ 1966 | 07/05/2017 | C-2 | Books | 55.00 | |||||
| Dewey Decimal Classification | Non-fiction | Central Library, University of Rajshahi | Central Library, University of Rajshahi | 27/04/1968 | Zeitlinger | 530.12 HEQ 1966 | 07/05/2017 | C-5 | Books | 55.00 | |||||
| Dewey Decimal Classification | Non-fiction | Central Library, University of Rajshahi | Central Library, University of Rajshahi | 27/04/1968 | Zeitlinger | 530.12 HEQ 1966 | 07/05/2017 | C-6 | Books | 55.00 | |||||
| Dewey Decimal Classification | Non-fiction | Central Library, University of Rajshahi | Central Library, University of Rajshahi | 09/02/1970 | Zeitlinger | 530.12 HEQ 1966 | 07/05/2017 | C-7 | Books | 63.00 | |||||
| Dewey Decimal Classification | Non-fiction | Central Library, University of Rajshahi | Central Library, University of Rajshahi | 10/11/1957 | oxford university | 530.12 HEQ 1966 | 07/05/2017 | C-8 | Books | 40.00 | |||||
| Dewey Decimal Classification | Non-fiction | Central Library, University of Rajshahi | Central Library, University of Rajshahi | 27/04/1968 | Zeitlinger | 530.12 HEQ 1966 | 07/05/2017 | C-9 | Books | 55.00 | |||||
| Dewey Decimal Classification | Non-fiction | Central Library, University of Rajshahi | Central Library, University of Rajshahi | 27/04/1968 | Zeitlinger | 530.12 HEQ 1966 | 07/05/2017 | C-4 | Books | 55.00 | |||||
| Dewey Decimal Classification | Non-fiction | Central Library, University of Rajshahi | Central Library, University of Rajshahi | 27/04/1968 | Zeitlinger | 530.12 HEQ 1966 | 08/05/2017 | C-10 | Books | 55.00 |